000 00468nam a2200181Ia 4500
001 2901
005 20260306144841.0
008 260306t1998||||xx |||||||||||||| ||spa||
041 _aESP
082 _a232
_bC92
100 _aCruzado Balcazar, Alejandro
_eAUT
245 0 _aEl proceso de Jesús:
_bel holocausto mesiánico visto por un abogado
260 _c1998
300 _a256 páginas :
_c23 cm.
650 _aGEN
654 _aCHU
942 _cLIB
_dJUS
_fJUS
_2ddc
_n
999 _c2901
_d2901